Pays les plus influents du monde - Statistiques

Statistiques générales
  • Ce quiz a été pris 242 fois
  • Le résultat moyen est 16 sur 20
Statistiques - réponses
# Réponse % Correct
6 France
100%
3 Chine
99%
1 Etats-Unis
99%
5 Allemagne
98%
2 Russie
98%
7 Japon
97%
4 Royaume-Uni
95%
11 Espagne
94%
9 Italie
94%
10 Canada
93%
15 Inde
90%
13 Corée du Sud
86%
17 Australie
84%
20 Turquie
71%
12 Arabie Saoudite
69%
16 Suisse
69%
19 Belgique
63%
18 Grèce
57%
8 Israël
48%
14 Émirats arabes unis
42%
Aucun quiz correspondant
Distribution des résultats
% des personnes avec chaque résultat
Percentile par nombre de réponses
Votre historique - résultats
Vous n’avez pas pris ce quiz